000 01268nam a2200277 4500
001 0000016122
003 CO-CtgCURN
005 20250429223959.0
007 ta
008 160627s1995 000 0 eng d
040 _aCO-CtgCURN
_bspa
_ccoctgcurn
082 0 _a347.9
_bP17d
100 1 _aParra Quijano, Jairo.
245 1 0 _aDerecho procesal civil /
_cJairo Parra Quijano.
260 _aBogotá :
_bEdiciones Libreria del Profesional,
_c1995.
300 _axxxi, 474 p. V. 2.
336 _2rdacontent
337 _2rdamedia
_asin mediacion
_bn
338 _2rdacarrier
_avolumen
_bnc
504 _aBibliografia (p. 471-474)
505 8 _aEl proceso ordinario.--Procesos ordinarios para la resolucion de la compraventa.--Proceso de pertenencia.--Proceso de pertenencia de predios rurales de menos de quince hectareas.--Medidas cautelares en los procesos ordinarios.--Proceso abreviado.--Servidumbres.--Posesorios.--Entrega de la cosa por el tradente al adquirente.--Rendicion de cuentas.--Pago por consignacion.--Patronatos y capellanias.--Restitucion del inmueble arrendado
650 1 4 _aProcedimiento civil
_zColombia.
908 _a160627
942 _cBK
_h347.9
_iP17d
_2ddc
999 _c34175
_d34175